000 00346nam a2200157Ia 4500
100 _aAnthony/Saji
650 _aPhilosophy
942 _cBK
366 _f25
654 _ahappy life
245 _a40 Secrets for a happy life
260 _bBetter Yourself Books
_aBandra
_c2005
082 _a170/ANT
_bANT
300 _a107
546 _aENGLISH
999 _c26490
_d26490